US Territories and District - Statistics

General Stats
  • This quiz has been taken 58 times
  • The average score is 7 of 15
Answer Stats
Population Answer % Correct
159, 358 Guam
89%
3, 725, 789 Puerto Rico
82%
106, 405 U.S. Virgin Islands
73%
55, 519 American Samoa
70%
53, 883 Northern Mariana Islands
52%
646, 449 District of Columbia
45%
0 Wake Island
36%
0 Palmyra Atoll
32%
0 Jarvis Island
30%
0 Johnston Atoll
30%
0 Baker Island
27%
0 Howland Island
25%
0 Kingman Reef
25%
0 Navassa Island
25%
0 Midway Atoll
18%
No matching quizzes found
Score Distribution
Percent of People with Each Score
Percentile by Number Answered
Your Score History
You have not taken this quiz